000 00700nam a2200241Ia 4500
005 20260430150715.0
008 008 250103s9999 xx 000 0 eng d
037 _aTheses
040 _aCRL
040 _beng
040 _ceng
041 _2eng
041 _aeng
084 _qCRL
100 _aManisha Au.; Tandon Rajesh Gu.
_91238263
245 0 _aInvestigations on Sexual Dimorphism and Gender Variation in Hippophae Rhamnoides L. through Morphological, Molecular and Cytogenetic Approaches
260 _c2024
300 _a144p.
650 _aBotany
700 _aUniversity of Delhi. Faculty of Science. Deptt. of Botany
_91237477
942 _cTH
999 _c1850434
_d1850434